| 000 | 00445nam a22001697a 4500 | ||
|---|---|---|---|
| 100 | _aYusof, M.J.M | ||
| 245 | _aThe ambivalent effects of heavy metals present in natural rubber latex | ||
| 260 | _bJournal of Rubber Research, 26(2): 2023. 111-123. | ||
| 300 | _bMay | ||
| 650 | _aHeavy metals | ||
| 650 | _aAcid digestion | ||
| 650 | _aPlasticity | ||
| 650 | _aBlends | ||
| 700 | _aLatif, M.T. | ||
| 700 | _aYusoff, S.F.M. | ||
| 942 | _cJS | ||
| 999 |
_c75252 _d75252 |
||